[Event "10th Africa-ch (w)"]
[Site "Kampala UGA"]
[Date "2016.07.21"]
[Round "5"]
[White "Domingos, Maria"]
[Black "Nansubuga, Gloria"]
[Result "0-1"]
[WhiteElo "1712"]
[BlackElo "1445"]
[EventDate "2016.07.17"]
[PlyCount "163"]

1.e4 e5 2.Nf3 Nc6 3.Bc4 Bc5 4.O-O Nf6 5.Nc3 a6 6.a3 O-O 7.d3 d6 8.Bg5 Be6 
9.Ba2 Nd4 10.h3 h6 11.Bh4 g5 12.Bg3 Qd7 13.Re1 Bxa2 14.Nxa2 Nh5 15.Bh2 Ng7
16.Nc3 f5 17.Nxd4 Bxd4 18.Ne2 Bb6 19.c3 Qf7 20.Rf1 f4 21.Kh1 f3 22.Ng3 Qf6
23.Rc1 Rf7 24.Rc2 Raf8 25.Rd2 fxg2+ 26.Kxg2 Qf3+ 27.Qxf3 Rxf3 28.Bg1 R3f4 
29.Re1 h5 30.Rde2 h4 31.Nf1 Ne6 32.Bh2 R4f6 33.a4 Kh7 34.a5 Bxa5 35.Ne3 
Bb6 36.Ng4 R6f7 37.Rd1 Kg7 38.b3 Rf3 39.Rb2 Nc5 40.Ne3 Ne6 41.Nf5+ R3xf5 
42.exf5 Rxf5 43.b4 Kg6 44.Re2 Nf4+ 45.Bxf4 Rxf4 46.f3 Kf5 47.Re4 Kf6 48.
Rxf4+ exf4 49.d4 c6 50.Kf2 Bd8 51.Ke2 Kf7 52.Kd3 d5 53.c4 Be7 54.cxd5 cxd5
55.Kc3 b6 56.Ra1 a5 57.bxa5 bxa5 58.Rxa5 Ke6 59.Ra1 Kd6 60.Kb3 Bf6 61.Rd1 
Kc6 62.Rd3 Kb5 63.Rd1 Kc6 64.Kc3 Kd7 65.Ra1 Kd6 66.Kd3 Kd7 67.Ra6 Be7 68.
Kc3 Kc7 69.Kb3 Bd6 70.Ka4 Kd7 71.Kb5 Be7 72.Ra7+ Kd6 73.Ra6+ Kd7 74.Rg6 
Kc7 75.Rg7 Kd6 76.Kb6 Bd8+ 77.Kb7 Bf6 78.Rg8 Bxd4 79.Rxg5 Bf2 80.Rg8 Kc5 
81.Kc8 Bd4 82.Re8 0-1

[Event "10th Africa-ch (w)"]
[Site "Kampala UGA"]
[Date "2016.07.21"]
[Round "5"]
[White "Babirye, Stella"]
[Black "Joyce, Nyaruai"]
[Result "0-1"]
[WhiteElo "1244"]
[BlackElo "1471"]
[EventDate "2016.07.17"]
[PlyCount "53"]

1.e4 e5 2.Nf3 Nc6 3.Bc4 Be7 4.d4 Nf6 5.c3 O-O 6.Be3 d6 7.O-O Na5 8.Bb5 Bd7
9.Bxd7 Qxd7 10.Re1 c5 11.Nbd2 Nc6 12.h3 Rad8 13.Rb1 d5 14.Bg5 h6 15.Bxf6 
Bxf6 16.exd5 Qxd5 17.Ne4 Be7 18.Ng3 Rfe8 19.Qb3 Qxb3 20.axb3 f6 21.Red1 
Rd7 22.Nf5 Bf8 23.Ra1 Red8 24.Ne1 Kf7 25.Kf1 g6 26.Nh4 e4 27.Ke2 0-1

[Event "10th Africa-ch (w)"]
[Site "Kampala UGA"]
[Date "2016.07.21"]
[Round "6"]
[White "Mezioud, Amina"]
[Black "Shroohk, Wafa"]
[Result "1/2-1/2"]
[WhiteElo "2073"]
[BlackElo "2096"]
[EventDate "2016.07.17"]
[PlyCount "127"]

1.e4 c5 2.Nf3 Nc6 3.d4 cxd4 4.Nxd4 g6 5.Nc3 Bg7 6.Be3 Nf6 7.Be2 O-O 8.Nb3 
d6 9.O-O Bd7 10.Bg5 Rc8 11.Kh1 a6 12.f4 b5 13.Bf3 Re8 14.Nd5 Nxd5 15.exd5 
Na5 16.c3 Nc4 17.Rf2 h6 18.Bh4 Ne3 19.Qe1 Nf5 20.Re2 a5 21.Bf2 a4 22.g4 
axb3 23.gxf5 Bxf5 24.axb3 Bd3 25.Rd2 Bf5 26.Re2 Bf6 27.Ra7 Ra8 28.Rxa8 
Qxa8 29.Bh4 Bxh4 30.Qxh4 Kg7 31.Qe1 Qa2 32.Qd1 Qb1 33.Qxb1 Bxb1 34.Be4 
Bxe4+ 35.Rxe4 Kf6 36.Kg2 Ra8 37.Kf3 Ra1 38.Rb4 Rb1 39.c4 bxc4 40.bxc4 Kf5 
41.Rb7 Rf1+ 42.Kg3 Re1 43.b4 Re3+ 44.Kf2 Kxf4 45.c5 dxc5 46.bxc5 Rc3 47.
Rxe7 Rc2+ 48.Kf1 Rxc5 49.Rxf7+ Ke5 50.d6 Rd5 51.d7 h5 52.Kf2 Ke6 53.Rg7 
Kf6 54.Rh7 Kf5 55.Rf7+ Kg4 56.Ke2 g5 57.Re7 h4 58.Kf2 Kh3 59.Ke1 g4 60.Rh7
Re5+ 61.Kf2 Rf5+ 62.Ke2 Re5+ 63.Kf2 Rd5 64.Ke2 1/2-1/2

[Event "10th Africa-ch (w)"]
[Site "Kampala UGA"]
[Date "2016.07.21"]
[Round "6"]
[White "El-Ansary, Eman"]
[Black "Mwango, Makumba Lorita"]
[Result "0-1"]
[WhiteElo "1920"]
[BlackElo "1938"]
[EventDate "2016.07.17"]
[PlyCount "118"]

1.d4 d5 2.Nf3 Nf6 3.e3 e6 4.Bd3 c5 5.b3 cxd4 6.exd4 Nc6 7.O-O Be7 8.Bb2 
Bd7 9.Nbd2 Rc8 10.a3 O-O 11.Ne5 g6 12.f4 Qb6 13.Ndf3 Rfd8 14.Qe1 Nh5 15.
Qe3 Ng7 16.g4 a5 17.Kh1 Nxe5 18.fxe5 Bb5 19.Rf2 Bxd3 20.Qxd3 Rc7 21.Raf1 
Rdc8 22.h4 h5 23.gxh5 Nxh5 24.Rg1 Nf4 25.Qf1 Rxc2 26.Nd2 Rxb2 27.Rxf4 Rf8 
28.Rg2 Qd8 29.Qa1 Rc2 30.Qd1 Rc3 31.Qg4 Qe8 32.h5 Kg7 33.Rgf2 f5 34.exf6+ 
Rxf6 35.h6+ Kf7 36.Qh4 Qh8 37.Rxf6+ Bxf6 38.h7 Rc8 39.Qh6 Qg7 40.Qh2 Ke7 
41.Nf3 Kd7 42.Qh3 Rh8 43.Rh2 Bxd4 44.Ng5 Qe5 45.Nf3 Qe4 46.Rg2 Bf6 47.Kg1 
g5 48.Nxg5 Qe1+ 49.Kh2 Be5+ 50.Rg3 Bxg3+ 51.Qxg3 Qxg3+ 52.Kxg3 Ke7 53.Kg4 
Kf6 54.Kh5 e5 55.Kh6 e4 56.Nh3 d4 57.Nf4 d3 58.Nd5+ Ke5 59.Ne3 Kd4 0-1

[Event "10th Africa-ch (w)"]
[Site "Kampala UGA"]
[Date "2016.07.21"]
[Round "6"]
[White "Shahenda, Wafa"]
[Black "Hamza, Amira"]
[Result "1-0"]
[WhiteElo "2106"]
[BlackElo "1933"]
[EventDate "2016.07.17"]
[PlyCount "113"]

1.e4 e6 2.d4 d5 3.Nc3 dxe4 4.Nxe4 Nf6 5.Nxf6+ gxf6 6.Be3 Nc6 7.c3 Qd6 8.
Qf3 Qe7 9.Qg3 a6 10.O-O-O b6 11.Bf4 e5 12.dxe5 fxe5 13.Bg5 Qe6 14.Bc4 Qxc4
15.Qxe5+ Be6 16.Qxh8 Qxa2 17.Qxh7 Qa1+ 18.Qb1 Qa5 19.Nf3 Be7 20.Bxe7 Nxe7 
21.b4 Qa4 22.Nd4 Bc4 23.Qc2 Qd7 24.Rhe1 O-O-O 25.Qe4 Nd5 26.Nf5 Kb8 27.
Qxc4 Qxf5 28.Qe4 Qxf2 29.Re2 Qf6 30.Rxd5 Qxc3+ 31.Rc2 Qa1+ 32.Kd2 Rh8 33.
Re5 Rd8+ 34.Rd5 Rg8 35.g3 Qg1 36.Kc3 Qa1+ 37.Kd3 Qd1+ 38.Rd2 Qb1+ 39.Ke3 
Qg1+ 40.Kf3 Qf1+ 41.Rf2 Qh1+ 42.Ke3 Qe1+ 43.Re2 Qg1+ 44.Kd2 Qa1 45.Qc2 Qh1
46.Rd7 Rc8 47.Qd3 Qa1 48.Qb3 a5 49.h4 Qf6 50.Re6 Qa1 51.Ree7 Qg1 52.Qe3 
Qg2+ 53.Kd3 Qf1+ 54.Kc2 Qg2+ 55.Kb3 Qc6 56.h5 b5 57.Qc3 1-0

[Event "10th Africa-ch (w)"]
[Site "Kampala UGA"]
[Date "2016.07.21"]
[Round "6"]
[White "Mudongo, Boikhutso"]
[Black "Latreche, Sabrina"]
[Result "0-1"]
[WhiteElo "1760"]
[BlackElo "2066"]
[EventDate "2016.07.17"]
[PlyCount "64"]

1.e4 e5 2.Nf3 Nc6 3.Bb5 a6 4.Ba4 Nge7 5.d4 exd4 6.Nxd4 g6 7.Nxc6 Nxc6 8.
Bxc6 bxc6 9.Qd4 f6 10.b3 Bg7 11.Bb2 O-O 12.O-O Rf7 13.Qe3 d6 14.Nd2 c5 15.
Rfe1 Qe8 16.Qg3 Bb7 17.f3 Qc6 18.Nc4 Bc8 19.Ne3 f5 20.Bxg7 Rxg7 21.Nd5 Be6
22.c4 Bxd5 23.exd5 Qd7 24.Re6 Re8 25.Rxe8+ Qxe8 26.Re1 Re7 27.Kf1 Re5 28.
Rxe5 Qxe5 29.Qh4 Kg7 30.Qe1 Qe7 31.Kf2 Qh4+ 32.Ke3 Qxe1+ 0-1

[Event "10th Africa-ch (w)"]
[Site "Kampala UGA"]
[Date "2016.07.21"]
[Round "6"]
[White "Van Niekerk, Megan"]
[Black "Laubscher, Anzel"]
[Result "0-1"]
[WhiteElo "1594"]
[BlackElo "1797"]
[EventDate "2016.07.17"]
[PlyCount "64"]

1.d4 d6 2.c4 Nd7 3.Nf3 e5 4.Nc3 Ngf6 5.Qc2 Be7 6.d5 a5 7.e4 O-O 8.Be2 h6 
9.O-O Nh7 10.a3 Ng5 11.Bd2 Nxf3+ 12.Bxf3 Nb6 13.Be2 Bg5 14.Be1 Nd7 15.Na4 
Nc5 16.Nxc5 dxc5 17.Bc3 Qe7 18.Rfb1 f5 19.Bd3 f4 20.Be2 Bf6 21.Ra2 a4 22.
b3 axb3 23.Rxb3 g5 24.f3 h5 25.a4 g4 26.fxg4 hxg4 27.Be1 Qg7 28.Kh1 Be7 
29.Qb2 Ra6 30.g3 f3 31.Bd1 Rh6 32.Bd2 f2 0-1

[Event "10th Africa-ch (w)"]
[Site "Kampala UGA"]
[Date "2016.07.21"]
[Round "6"]
[White "Frick, Denise"]
[Black "Van Niekerk, Robyn Julian"]
[Result "1-0"]
[WhiteElo "1905"]
[BlackElo "1621"]
[EventDate "2016.07.17"]
[PlyCount "75"]

1.e4 c5 2.Nf3 e6 3.d4 cxd4 4.Nxd4 a6 5.Bd3 Qc7 6.O-O Nf6 7.c4 Be7 8.Nc3 
O-O 9.Kh1 Nc6 10.Nxc6 bxc6 11.f4 d6 12.Qf3 Re8 13.Be3 Bf8 14.Qh3 e5 15.f5 
Bb7 16.g4 d5 17.g5 Nxe4 18.Nxe4 dxe4 19.Bxe4 c5 20.Qf3 Rab8 21.b3 Bc8 22.
Kg1 a5 23.g6 fxg6 24.fxg6 Be6 25.gxh7+ Kh8 26.Bg6 Red8 27.Rf2 Be7 28.Raf1 
Qc8 29.Rd2 Rxd2 30.Bxd2 Bh3 31.Re1 Qe6 32.Qg3 Bd6 33.Be4 Bf5 34.Bd5 Qd7 
35.Bxa5 Bxh7 36.Qh4 Be7 37.Qh5 g6 38.Qxe5+ 1-0

[Event "10th Africa-ch (w)"]
[Site "Kampala UGA"]
[Date "2016.07.21"]
[Round "6"]
[White "Angolikin, Goretti"]
[Black "Caxita, Esperanca"]
[Result "0-1"]
[WhiteElo "1607"]
[BlackElo "1822"]
[EventDate "2016.07.17"]
[PlyCount "73"]

1.e4 e5 2.Nf3 d6 3.d4 Nf6 4.Nc3 exd4 5.Nxd4 Be7 6.Bd3 O-O 7.O-O Nbd7 8.f4 
Nc5 9.f5 Re8 10.Rf3 Bf8 11.Bg5 c6 12.b4 Ncd7 13.a3 Qb6 14.Bc4 Nxe4 15.Na4 
Qc7 16.Bxf7+ Kxf7 17.Ne6 Qb8 18.Rh3 Ndf6 19.Rxh7 Bxe6 20.Bxf6 Nxf6 21.
fxe6+ Rxe6 22.Qf3 Qc7 23.Rf1 Ke7 24.Rh8 a5 25.Kh1 axb4 26.Qb3 b5 27.Nb2 
bxa3 28.Nd3 Qa5 29.Nf4 d5 30.Nxe6 Kxe6 31.Qe3+ Kd7 32.Qf3 a2 33.Qf5+ Ke7 
34.Ra1 Qc3 35.Qf1 Qxc2 36.h3 b4 37.Qf4 0-1

[Event "10th Africa-ch (w)"]
[Site "Kampala UGA"]
[Date "2016.07.21"]
[Round "6"]
[White "Kabengano, Joyce"]
[Black "Joyce, Nyaruai"]
[Result "0-1"]
[WhiteElo "1556"]
[BlackElo "1471"]
[EventDate "2016.07.17"]
[PlyCount "60"]

1.e4 e5 2.Nf3 Nc6 3.Bc4 Be7 4.c3 Nf6 5.d3 O-O 6.O-O a6 7.Bb3 d6 8.h3 h6 9.
Be3 Nh7 10.Nbd2 Kh8 11.d4 exd4 12.Nxd4 Ne5 13.N2f3 c5 14.Nf5 c4 15.Nxe7 
Qxe7 16.Bc2 b5 17.Nd4 Re8 18.Nf5 Bxf5 19.exf5 Rad8 20.Bd4 Qh4 21.f4 Nc6 
22.Bf2 Qxf4 23.Bb6 Qg5 24.Bxd8 Rxd8 25.Qd5 Ne5 26.Rad1 Nf6 27.Qb7 Qe3+ 28.
Kh2 Neg4+ 29.hxg4 Nxg4+ 30.Kh1 Qg3 0-1

[Event "10th Africa-ch (w)"]
[Site "Kampala UGA"]
[Date "2016.07.21"]
[Round "6"]
[White "Domingos, Maria"]
[Black "Namaganda, Christine"]
[Result "1-0"]
[WhiteElo "1712"]
[BlackElo "1564"]
[EventDate "2016.07.17"]
[PlyCount "93"]

1.e4 d6 2.d4 Nf6 3.Bd3 g6 4.c3 Nbd7 5.Nf3 Bg7 6.O-O c5 7.dxc5 Nxc5 8.Bc2 
Ncxe4 9.Bxe4 Nxe4 10.Qa4+ Qd7 11.Qxe4 f5 12.Qe2 b6 13.Re1 e5 14.Nbd2 Bb7 
15.Nb3 O-O 16.Rd1 Qc6 17.Bg5 e4 18.Nfd4 Qd7 19.Qd2 d5 20.Bh6 a5 21.Bxg7 
Kxg7 22.Qf4 a4 23.Nd2 Rae8 24.Nc2 Qe7 25.Qe3 Rf6 26.f4 exf3 27.Qxe7+ Rxe7 
28.Nxf3 Re2 29.Nfd4 Re4 30.Re1 Rf7 31.Rxe4 dxe4 32.Ne6+ Kf6 33.Nd8 Rd7 34.
Nxb7 Rxb7 35.Rd1 Re7 36.Rd4 b5 37.Rb4 Re5 38.Nd4 e3 39.Kf1 Rd5 40.Ke2 f4 
41.Rxb5 Rxb5 42.Nxb5 Ke5 43.Nd4 g5 44.b3 axb3 45.axb3 h5 46.b4 g4 47.b5 
1-0

[Event "10th Africa-ch (w)"]
[Site "Kampala UGA"]
[Date "2016.07.21"]
[Round "6"]
[White "Fisher, Michelle"]
[Black "Nansubuga, Gloria"]
[Result "1-0"]
[WhiteElo "1681"]
[BlackElo "1445"]
[EventDate "2016.07.17"]
[PlyCount "151"]

1.c4 e5 2.Nc3 c6 3.Nf3 d6 4.g3 g6 5.Bg2 Bg7 6.e4 Nf6 7.O-O Bg4 8.h3 Be6 9.
d3 Qc8 10.Kh2 O-O 11.Be3 Nh5 12.Ne2 f5 13.exf5 gxf5 14.Bg5 Qe8 15.Qd2 Nd7 
16.Bh6 Qg6 17.Bxg7 Qxg7 18.Ng5 Rf6 19.Nxe6 Rxe6 20.d4 Rae8 21.d5 Rg6 22.
dxc6 bxc6 23.Bxc6 Rf8 24.Bxd7 Qxd7 25.Rad1 Nf6 26.Rg1 Qg7 27.Nc3 Rh6 28.f3
Rg6 29.Nd5 Kh8 30.Nxf6 Rgxf6 31.Qb4 Qc7 32.b3 Rb8 33.Qc3 Qc5 34.Rd5 Qb4 
35.Qxb4 Rxb4 36.Rgd1 Rb6 37.Kg2 Kg7 38.Kf2 Kf8 39.R1d2 Ke7 40.c5 Rc6 41.
cxd6+ Rcxd6 42.Rxe5+ Kd7 43.Rde2 Rde6 44.Rxe6 Rxe6 45.Rxe6 Kxe6 46.Ke3 Ke5
47.f4+ Kd5 48.a3 a5 49.Kd3 h5 50.h4 Kc5 51.b4+ axb4 52.axb4+ Kxb4 53.Kd4 
Kb5 54.Ke5 Kc6 55.Kxf5 Kd7 56.Kg6 Ke6 57.f5+ Ke7 58.Kxh5 Kf6 59.g4 Kg7 60.
g5 Kh7 61.g6+ Kg7 62.Kg5 Kg8 63.f6 Kh8 64.f7 Kg7 65.h5 Kf8 66.h6 Ke7 67.h7
Kd6 68.f8=Q+ Kd5 69.Qf6 Kc4 70.Qd6 Kc3 71.Qd5 Kc2 72.Qd4 Kb3 73.Qc5 Kb2 
74.h8=R Kb3 75.Rb8+ Ka2 76.Qa5# 1-0

[Event "10th Africa-ch (w)"]
[Site "Kampala UGA"]
[Date "2016.07.21"]
[Round "6"]
[White "Ampaire, Shakira"]
[Black "Babirye, Stella"]
[Result "1-0"]
[WhiteElo "1367"]
[BlackElo "1244"]
[EventDate "2016.07.17"]
[PlyCount "65"]

1.d4 d5 2.Nf3 e6 3.g3 Nc6 4.Bg2 b6 5.O-O Bb7 6.Nbd2 Be7 7.c4 dxc4 8.Nxc4 
Nf6 9.Nfe5 Nxe5 10.Bxb7 Nxc4 11.Bxa8 Qxa8 12.Qa4+ Nd7 13.Qxc4 Bd6 14.Bd2 
O-O 15.Rac1 e5 16.d5 Nf6 17.e4 Nd7 18.Bb4 Nc5 19.Bxc5 Bxc5 20.b4 Bd6 21.
Qc6 Qxc6 22.Rxc6 f5 23.f3 f4 24.g4 Ra8 25.Rfc1 Rc8 26.Kg2 Kf8 27.h4 h6 28.
Rxd6 Ke7 29.Re6+ Kf7 30.Rxe5 g6 31.Re6 c5 32.bxc5 bxc5 33.Rc6 1-0

[Event "10th Africa-ch (w)"]
[Site "Kampala UGA"]
[Date "2016.07.22"]
[Round "7"]
[White "Shroohk, Wafa"]
[Black "Mwango, Makumba Lorita"]
[Result "0-1"]
[WhiteElo "2096"]
[BlackElo "1938"]
[EventDate "2016.07.17"]
[PlyCount "89"]

1.e4 g6 2.d4 Bg7 3.Nc3 d6 4.f4 a6 5.Nf3 Nd7 6.Be3 e6 7.a4 Ne7 8.Bd3 b6 9.
O-O Bb7 10.Qd2 c5 11.dxc5 Nxc5 12.Bd4 Bxd4+ 13.Nxd4 Nxd3 14.Qxd3 d5 15.
Rad1 O-O 16.e5 Rc8 17.Rf3 Kg7 18.Rg3 Qd7 19.Nce2 Qxa4 20.h4 Qd7 21.h5 Rg8 
22.hxg6 hxg6 23.Rf1 Kf8 24.Rgf3 Ke8 25.g4 Nc6 26.Kf2 Qe7 27.Nxc6 Rxc6 28.
Nd4 Rc7 29.Rh1 Qb4 30.b3 Qe7 31.Rh7 Bc8 32.Qd2 Qf8 33.Rfh3 Kd8 34.f5 gxf5 
35.gxf5 exf5 36.Nc6+ Rxc6 37.Qxd5+ Bd7 38.c4 Qc5+ 39.Qxc5 Rxc5 40.Rd3 Ke7 
41.Rd6 b5 42.Rxa6 bxc4 43.bxc4 Rxc4 44.Rh1 Rg7 45.Rd1 0-1

[Event "10th Africa-ch (w)"]
[Site "Kampala UGA"]
[Date "2016.07.22"]
[Round "7"]
[White "Latreche, Sabrina"]
[Black "Shahenda, Wafa"]
[Result "0-1"]
[WhiteElo "2066"]
[BlackElo "2106"]
[EventDate "2016.07.17"]
[PlyCount "88"]

1.e4 c5 2.Nc3 e6 3.g3 d5 4.exd5 exd5 5.Qe2+ Be6 6.Bh3 Qd7 7.Nf3 Nc6 8.d3 
Nf6 9.Bf4 Be7 10.Bxe6 Qxe6 11.Qxe6 fxe6 12.O-O Nh5 13.Bd2 Rf8 14.Kg2 Kd7 
15.Rae1 Bf6 16.Na4 Be7 17.Ne5+ Nxe5 18.Rxe5 Rf5 19.Rxf5 exf5 20.Re1 Nf6 
21.Bg5 d4 22.Re5 Rc8 23.c4 dxc3 24.Nxc3 g6 25.f4 h6 26.Bxf6 Bxf6 27.Re2 
Re8 28.Rxe8 Kxe8 29.Kf3 Bxc3 30.bxc3 b5 31.c4 b4 32.Ke3 a5 33.Kd2 h5 34.
Kc2 a4 35.h4 Kd7 36.Kb2 Kc6 37.Kc2 Kb6 38.Kb2 Ka5 39.Kc2 Kb6 40.Kb2 a3+ 
41.Kc2 Ka6 42.Kc1 Ka5 43.Kb1 Ka4 44.Kc2 b3+ 0-1

[Event "10th Africa-ch (w)"]
[Site "Kampala UGA"]
[Date "2016.07.22"]
[Round "7"]
[White "Laubscher, Anzel"]
[Black "El-Ansary, Eman"]
[Result "0-1"]
[WhiteElo "1797"]
[BlackElo "1920"]
[EventDate "2016.07.17"]
[PlyCount "84"]

1.d4 d5 2.c4 c6 3.Nf3 Nf6 4.Nc3 e6 5.e3 Nbd7 6.Bd3 dxc4 7.Bxc4 b5 8.Bd3 
Bb7 9.O-O a6 10.e4 c5 11.d5 Qc7 12.dxe6 fxe6 13.Ng5 Qb6 14.Re1 Ne5 15.Bc2 
Be7 16.Bf4 Nfg4 17.Bxe5 Nxe5 18.Qh5+ g6 19.Qh6 O-O-O 20.Rad1 Rdf8 21.Nf3 
Rxf3 22.gxf3 Nxf3+ 23.Kf1 Nxe1 24.Kxe1 c4 25.Qg7 Rf8 26.Rd2 Bc5 27.Qd7+ 
Kb8 28.Qxh7 Bxf2+ 29.Kd1 Be3 30.Rd7 Bc6 31.Rd6 Qc5 32.Qe7 Rf1+ 33.Ke2 Rf2+
34.Ke1 Bd2+ 35.Rxd2 Qxe7 36.Rxf2 Qb4 37.Bb1 Qc5 38.Ke2 b4 39.Nd1 c3 40.
bxc3 bxc3 41.Bc2 Bb5+ 42.Ke1 Qg5 0-1

[Event "10th Africa-ch (w)"]
[Site "Kampala UGA"]
[Date "2016.07.22"]
[Round "7"]
[White "Caxita, Esperanca"]
[Black "Mezioud, Amina"]
[Result "0-1"]
[WhiteElo "1822"]
[BlackElo "2073"]
[EventDate "2016.07.17"]
[PlyCount "79"]

1.e4 e5 2.Nf3 Nc6 3.Bc4 Bc5 4.c3 Nf6 5.d3 d6 6.h3 a6 7.Nbd2 b5 8.Bb3 O-O 
9.Nf1 d5 10.exd5 Nxd5 11.Ng3 a5 12.O-O a4 13.Bc2 a3 14.d4 axb2 15.Bxb2 Ba3
16.Bxa3 Rxa3 17.Qd3 g6 18.Bb3 exd4 19.cxd4 Ba6 20.Qd2 Nce7 21.Qh6 f6 22.
Rfe1 Bb7 23.Re6 Ra6 24.Re4 Rf7 25.Rh4 Bc8 26.Re1 c6 27.Rhe4 Ra7 28.Nh4 Rf8
29.Ne2 g5 30.Nf3 Nf5 31.Qh5 Ng7 32.Qh6 Nf5 33.Qh5 Ng7 34.Qh6 Bf5 35.Re3 
Kh8 36.Bxd5 cxd5 37.Ng3 Be4 38.Nd2 f5 39.Rb3 Rb7 40.Nf3 0-1

[Event "10th Africa-ch (w)"]
[Site "Kampala UGA"]
[Date "2016.07.22"]
[Round "7"]
[White "Hamza, Amira"]
[Black "Frick, Denise"]
[Result "1-0"]
[WhiteElo "1933"]
[BlackElo "1905"]
[EventDate "2016.07.17"]
[PlyCount "98"]

1.d4 Nf6 2.Nf3 e6 3.e3 b6 4.Bd3 Bb7 5.O-O Be7 6.Nbd2 c5 7.c3 O-O 8.e4 cxd4
9.e5 Nd5 10.Nxd4 Nf4 11.Be4 Bxe4 12.Nxe4 Ng6 13.f4 d5 14.exd6 Bxd6 15.Nxe6
Bc5+ 16.N6xc5 bxc5 17.Qxd8 Rxd8 18.Nxc5 Nc6 19.f5 Nge5 20.Bf4 Rd5 21.Bxe5 
Nxe5 22.Ne4 Rad8 23.Rab1 Nc4 24.f6 h6 25.fxg7 Kxg7 26.Rfe1 f5 27.Ng3 Kg6 
28.b3 Nd2 29.Rbc1 h5 30.Ne2 Kg5 31.Nd4 R8d7 32.Red1 Ne4 33.Nf3+ Kf4 34.
Rxd5 Rxd5 35.c4 Ra5 36.Rc2 Ke3 37.Kf1 Ra6 38.c5 Rc6 39.b4 Rc7 40.c6 Kd3 
41.Ne1+ Kd4 42.Ke2 h4 43.Nf3+ Kd5 44.b5 h3 45.gxh3 f4 46.Kd3 Nc5+ 47.Kc3 
Ke4 48.Ng5+ Ke3 49.Kc4 Ne4 1-0

[Event "10th Africa-ch (w)"]
[Site "Kampala UGA"]
[Date "2016.07.22"]
[Round "7"]
[White "Joyce, Nyaruai"]
[Black "Mudongo, Boikhutso"]
[Result "0-1"]
[WhiteElo "1471"]
[BlackElo "1760"]
[EventDate "2016.07.17"]
[PlyCount "69"]

1.d4 d5 2.Nf3 Nf6 3.e3 Bf5 4.Be2 e6 5.Nbd2 h6 6.O-O Be7 7.c4 Nbd7 8.Re1 
O-O 9.Nf1 c6 10.a3 Bd6 11.Ng3 Bh7 12.b4 Rc8 13.Bb2 Re8 14.Nd2 Bb8 15.c5 
Qc7 16.Ndf1 Ne4 17.Nxe4 Bxe4 18.f3 Bh7 19.g3 Qd8 20.Nd2 Qg5 21.Kf2 Qh5 22.
Rh1 Nf6 23.h4 Qg6 24.Qg1 Nh5 25.Rh3 Qc2 26.Bc1 e5 27.g4 exd4 28.Ne4 dxe3+ 
29.Bxe3 Nf4 30.Bxf4 Bxf4 31.Qd1 Qxd1 32.Bxd1 dxe4 33.fxe4 Bxe4 34.Bb3 Rcd8
35.Re1 0-1

[Event "10th Africa-ch (w)"]
[Site "Kampala UGA"]
[Date "2016.07.22"]
[Round "7"]
[White "Fisher, Michelle"]
[Black "Van Niekerk, Megan"]
[Result "1/2-1/2"]
[WhiteElo "1681"]
[BlackElo "1594"]
[EventDate "2016.07.17"]
[PlyCount "90"]

1.c4 e6 2.Nf3 d5 3.cxd5 exd5 4.g3 c6 5.Bg2 Bf5 6.d3 Nf6 7.O-O Bc5 8.Nc3 
O-O 9.Qc2 Nbd7 10.Bg5 h6 11.Bf4 Re8 12.Rfe1 Ng4 13.h3 Nge5 14.Nxe5 Nxe5 
15.Nxd5 Bxh3 16.Bxh3 Qxd5 17.Bg2 Qd6 18.e3 Bb4 19.d4 Qg6 20.Re2 Nd3 21.Bc7
Rac8 22.Bf4 Nxf4 23.gxf4 Qxc2 24.Rxc2 Rcd8 25.a3 Bf8 26.d5 cxd5 27.Rd1 Rd7
28.Rxd5 Red8 29.Rxd7 Rxd7 30.Be4 g6 31.Kh2 b6 32.Kg3 Bc5 33.b4 Be7 34.Rc4 
Bf6 35.a4 Kg7 36.b5 Be7 37.Rc2 Bc5 38.Bc6 Rd8 39.a5 Kf8 40.a6 Ke7 41.Rc4 
Rd6 42.Rc1 Rd8 43.Rh1 Rh8 44.Rd1 Rd8 45.Rh1 Rh8 1/2-1/2

[Event "10th Africa-ch (w)"]
[Site "Kampala UGA"]
[Date "2016.07.22"]
[Round "7"]
[White "Van Niekerk, Robyn Julian"]
[Black "Kabengano, Joyce"]
[Result "1-0"]
[WhiteElo "1621"]
[BlackElo "1556"]
[EventDate "2016.07.17"]
[PlyCount "91"]

1.d4 Nf6 2.c4 e6 3.g3 c5 4.d5 d6 5.Nc3 exd5 6.Nxd5 Nxd5 7.Qxd5 Nc6 8.Nf3 
Be6 9.Qd3 Nb4 10.Qe4 Be7 11.a3 d5 12.cxd5 Bxd5 13.Qb1 Nc6 14.e4 Be6 15.Be3
O-O 16.Bg2 Qc7 17.O-O Rad8 18.Qc2 b6 19.Rac1 Bf6 20.Bf4 Qc8 21.e5 Be7 22.
Rfe1 Nd4 23.Qa4 Nxf3+ 24.Bxf3 Qc7 25.Rcd1 h6 26.Qc2 a6 27.Qa4 Qa7 28.Be2 
a5 29.Bd2 Qb7 30.Bc3 Bd7 31.Qc2 Bh3 32.Bf1 Rxd1 33.Rxd1 Bg4 34.Be2 Be6 35.
Qa4 Bh3 36.Bf1 Bg4 37.Qxg4 Rd8 38.Rxd8+ Bxd8 39.e6 f6 40.Bd3 g5 41.Qh5 Qg7
42.Qe8+ Qf8 43.Qd7 Be7 44.Qd5 Qg7 45.Qc4 Bd8 46.e7+ 1-0

[Event "10th Africa-ch (w)"]
[Site "Kampala UGA"]
[Date "2016.07.22"]
[Round "7"]
[White "Namaganda, Christine"]
[Black "Angolikin, Goretti"]
[Result "1/2-1/2"]
[WhiteElo "1564"]
[BlackElo "1607"]
[EventDate "2016.07.17"]
[PlyCount "67"]

1.d4 d5 2.Nf3 e6 3.e3 Nf6 4.c3 Be7 5.Bd3 c6 6.Nbd2 O-O 7.O-O a6 8.Re1 Nbd7
9.Qe2 c5 10.e4 Nb6 11.h3 Bd7 12.e5 Ne8 13.a3 f6 14.exf6 Nxf6 15.Ne5 cxd4 
16.cxd4 Bd6 17.Nxd7 Qxd7 18.Qxe6+ Qxe6 19.Rxe6 Bc7 20.Nf3 Rae8 21.Rxe8 
Rxe8 22.Be3 Ne4 23.Rc1 Bb8 24.Kf1 h6 25.b3 Kf8 26.Ne5 Bxe5 27.dxe5 Nd7 28.
f4 Nb8 29.Rc7 b5 30.a4 bxa4 31.bxa4 Rd8 32.Ke2 Kg8 33.a5 Kf8 34.Ke1 
1/2-1/2

[Event "10th Africa-ch (w)"]
[Site "Kampala UGA"]
[Date "2016.07.22"]
[Round "7"]
[White "Nansubuga, Gloria"]
[Black "Ampaire, Shakira"]
[Result "1/2-1/2"]
[WhiteElo "1445"]
[BlackElo "1367"]
[EventDate "2016.07.17"]
[PlyCount "38"]

1.e4 e5 2.Nf3 Nc6 3.Bc4 Bc5 4.a3 Nf6 5.Nc3 a5 6.d3 O-O 7.h3 d6 8.Bg5 h6 9.
Bh4 Nd4 10.Nd5 c6 11.Nxf6+ gxf6 12.Nxd4 Bxd4 13.c3 Bb6 14.Qh5 Qe7 15.Qxh6 
Bd8 16.Qg6+ Kh8 17.Qh6+ Kg8 18.Qg6+ Kh8 19.Qh6+ Kg8 1/2-1/2

[Event "10th Africa-ch (w)"]
[Site "Kampala UGA"]
[Date "2016.07.22"]
[Round "7"]
[White "Babirye, Stella"]
[Black "Domingos, Maria"]
[Result "0-1"]
[WhiteElo "1244"]
[BlackElo "1712"]
[EventDate "2016.07.17"]
[PlyCount "83"]

1.e4 e5 2.Nf3 Nf6 3.Bc4 Nc6 4.Nc3 Bc5 5.a3 a6 6.d3 h6 7.Qe2 d6 8.Be3 Bg4 
9.Bxc5 dxc5 10.Qe3 Nd4 11.Rc1 Bxf3 12.gxf3 Nh5 13.Ne2 Nxe2 14.Kxe2 Nf4+ 
15.Kd2 Qd6 16.Rhg1 g5 17.Rcd1 f6 18.Kc1 O-O-O 19.Rg4 Kb8 20.Kb1 Qe7 21.Rd2
h5 22.Rg1 h4 23.c3 Rd7 24.Rgd1 Rhd8 25.Kc2 Qf8 26.Qe1 a5 27.Qf1 Rd6 28.Kb1
R8d7 29.Kc2 Qd8 30.a4 Qh8 31.Re1 Qh5 32.Re3 h3 33.Qd1 Ng2 34.Ree2 Qxf3 35.
d4 exd4 36.cxd4 Rxd4 37.Rxd4 Rxd4 38.Bd3 Nf4 39.Re3 Qxd1+ 40.Kxd1 Nxd3 41.
Ke2 Nxb2 42.Rxh3 0-1

[Event "10th Africa-ch (w)"]
[Site "Kampala UGA"]
[Date "2016.07.23"]
[Round "8"]
[White "Mudongo, Boikhutso"]
[Black "Shroohk, Wafa"]
[Result "0-1"]
[WhiteElo "1760"]
[BlackElo "2096"]
[EventDate "2016.07.17"]
[PlyCount "84"]

1.e4 c5 2.Nf3 d6 3.d4 cxd4 4.Nxd4 Nf6 5.Nc3 g6 6.Be3 Bg7 7.f3 O-O 8.Qd2 
Nc6 9.O-O-O Bd7 10.g4 Ne5 11.Be2 Qa5 12.Kb1 Rfc8 13.h4 Nc4 14.Bxc4 Rxc4 
15.h5 Rac8 16.Nd5 Qxd2 17.Rxd2 Nxd5 18.exd5 a5 19.hxg6 hxg6 20.Ne2 f5 21.
g5 f4 22.Bd4 Bf5 23.Rc1 Be5 24.Bxe5 dxe5 25.Nc3 b5 26.Nxb5 Rb8 27.Na3 Rc3 
28.Rh2 Rxf3 29.Rch1 Rf8 30.Nc4 Rg3 31.Nxe5 Rxg5 32.Rh8+ Kg7 33.R1h7+ Kf6 
34.Rxf8+ Kxe5 35.Rxe7+ Kxd5 36.Rd8+ Kc6 37.Re1 Rg2 38.Rc1 f3 39.b3 Re2 40.
Kb2 f2 41.Ra8 g5 42.Kc3 g4 0-1

[Event "10th Africa-ch (w)"]
[Site "Kampala UGA"]
[Date "2016.07.23"]
[Round "8"]
[White "Mwango, Makumba Lorita"]
[Black "Shahenda, Wafa"]
[Result "0-1"]
[WhiteElo "1938"]
[BlackElo "2106"]
[EventDate "2016.07.17"]
[PlyCount "136"]

1.c4 e5 2.Nc3 Nc6 3.g3 f5 4.Bg2 Nf6 5.b3 Bc5 6.e3 e4 7.a3 Ne5 8.Bf1 d5 9.
cxd5 Nxd5 10.Na4 Be7 11.d4 exd3 12.Bxd3 Bf6 13.Ra2 Nc3 14.Nxc3 Nxd3+ 15.
Ke2 Nxc1+ 16.Qxc1 Be6 17.Rd2 Qe7 18.Nb5 O-O 19.b4 c6 20.Nd4 Bd5 21.Ngf3 a5
22.Qc5 axb4 23.axb4 Qe4 24.Rc1 Qg4 25.h3 Qh5 26.g4 fxg4 27.hxg4 Qxg4 28.
Rg1 Qh5 29.e4 Bxd4 30.Qxd4 Qxf3+ 31.Kf1 g6 32.exd5 Rf4 33.Qe5 Re4 34.Qb2 
Rxb4 35.Qc1 Rc4 36.Rb2 Rca4 37.Rxb7 Ra1 38.Rb1 Qd3+ 39.Kg2 Qxd5+ 40.Kh2 
Qe5+ 41.Rg3 Qh5+ 42.Rh3 Rxb1 43.Qxb1 Qf5 44.Qb3+ Qf7 45.Qxf7+ Kxf7 46.
Rxh7+ Ke6 47.Rb7 Rc8 48.Kg3 Rf8 49.Rb1 Rf5 50.f3 Re5 51.Kf4 g5+ 52.Kg4 Kd5
53.Rd1+ Kc4 54.Rd8 Kc3 55.Rg8 c5 56.f4 gxf4 57.Kxf4 Re7 58.Rc8 c4 59.Kf3 
Kd3 60.Rd8+ Kc2 61.Rc8 c3 62.Kf2 Re4 63.Rc7 Kd2 64.Rd7+ Kc1 65.Rc7 c2 66.
Rc8 Kd2 67.Rd8+ Kc3 68.Rc8+ Rc4 0-1

[Event "10th Africa-ch (w)"]
[Site "Kampala UGA"]
[Date "2016.07.23"]
[Round "8"]
[White "El-Ansary, Eman"]
[Black "Mezioud, Amina"]
[Result "1-0"]
[WhiteElo "1920"]
[BlackElo "2073"]
[EventDate "2016.07.17"]
[PlyCount "44"]

1.d4 d6 2.c4 Nf6 3.Nc3 Nbd7 4.e4 e5 5.d5 Nc5 6.Bd3 Nxd3+ 7.Qxd3 g6 8.f3 
Bg7 9.Be3 Nh5 10.Nge2 f5 11.exf5 gxf5 12.O-O-O O-O 13.Ng3 Qh4 14.Nxh5 Qxh5
15.Rdg1 Re8 16.Qd2 Qh4 17.g4 fxg4 18.fxg4 Qf6 19.Rf1 Qg6 20.h4 Bxg4 21.h5 
Bh6 22.Rfg1 Bg5 1-0